Biblioteca y Centro de Documentación

2º informe sobre la desigualdad en España 2015 (Registro nro. 46985)

Detalles MARC
000 -CABECERA
Longitud fija campo de control 01533nam a2200445 c 4500
001 - NÚMERO DE CONTROL
Número de control 46985
003 - IDENTIFICADOR DE NÚMERO DE CONTROL
Identificador del número de control ES-MaCES
005 - FECHA Y HORA DE LA ÚLTIMA TRANSACCIÓN
Fecha y hora de la última transacción 20160712103858.0
008 - CAMPO FIJO DE DESCRIPCIÓN FIJA--INFORMACIÓN GENERAL
Códigos de información de longitud fija   160118s2015 sp 000 | spa d
017 ## - NÚMERO DE REGISTRO DE DERECHOS DE AUTOR Y DEPÓSITO LEGAL
Número de copyright o de depósito legal M 36175-2015
Agencia que asigna el número DL
020 ## - ISBN (INTERNATIONAL STANDARD BOOK NUMBER)
Número Internacional Normalizado para Libros (ISBN) 9788490970911
040 ## - FUENTE DE CATALOGACIÓN
Centro catalogador de origen ES-MaCES
Lengua de catalogación spa
Centro transcriptor ES-MaCES
245 00 - MENCIÓN DE TÍTULO
Título 2º informe sobre la desigualdad en España 2015
Mención de responsabilidad, etc. Fundación Alternativas; [dirs. del informe, Luis Ayala Cañón y Jesús Ruiz-Huerta Carbonell]
260 ## - PUBLICACIÓN, DISTRIBUCIÓN, ETC (PIE DE IMPRENTA)
Lugar de publicación, distribución, etc. Madrid
Nombre del editor, distribuidor, etc. Fundación Alternativas
Fecha de publicación, distribución, etc. 2015
300 ## - DESCRIPCIÓN FÍSICA
Extensión 368 p.
Dimensiones gráf. col.
Otras características físicas 26 cm
504 ## - NOTA DE BIBLIOGRAFÍA, ETC.
Nota de bibliografía, etc. Bibliografía
541 ## - NOTA DE LA FUENTE INMEDIANTE DE ADQUISICIÓN
Forma de adquisición Gratuito
650 #4 - ASIENTO SECUNDARIO DE MATERIA--TÉRMINO DE MATERIA
Término de materia o nombre geográfico como elemento inicial desigualdad económica
9 (RLIN) 29371
650 #4 - ASIENTO SECUNDARIO DE MATERIA--TÉRMINO DE MATERIA
Término de materia o nombre geográfico como elemento inicial desigualdad social
9 (RLIN) 30789
650 #4 - ASIENTO SECUNDARIO DE MATERIA--TÉRMINO DE MATERIA
Término de materia o nombre geográfico como elemento inicial pobreza
9 (RLIN) 27112
650 #4 - ASIENTO SECUNDARIO DE MATERIA--TÉRMINO DE MATERIA
Término de materia o nombre geográfico como elemento inicial distribución del ingreso
9 (RLIN) 27109
650 #4 - ASIENTO SECUNDARIO DE MATERIA--TÉRMINO DE MATERIA
Término de materia o nombre geográfico como elemento inicial régimen de pensión
9 (RLIN) 27042
650 #4 - ASIENTO SECUNDARIO DE MATERIA--TÉRMINO DE MATERIA
Término de materia o nombre geográfico como elemento inicial protección social
9 (RLIN) 29076
650 #4 - ASIENTO SECUNDARIO DE MATERIA--TÉRMINO DE MATERIA
Término de materia o nombre geográfico como elemento inicial distribución del gasto
9 (RLIN) 30938
650 #4 - ASIENTO SECUNDARIO DE MATERIA--TÉRMINO DE MATERIA
Término de materia o nombre geográfico como elemento inicial sistema educativo
9 (RLIN) 27375
650 #4 - ASIENTO SECUNDARIO DE MATERIA--TÉRMINO DE MATERIA
Término de materia o nombre geográfico como elemento inicial asistencia médica
9 (RLIN) 30272
650 #4 - ASIENTO SECUNDARIO DE MATERIA--TÉRMINO DE MATERIA
Término de materia o nombre geográfico como elemento inicial vivienda
9 (RLIN) 28598
650 #4 - ASIENTO SECUNDARIO DE MATERIA--TÉRMINO DE MATERIA
Término de materia o nombre geográfico como elemento inicial administración fiscal
9 (RLIN) 27209
650 #4 - ASIENTO SECUNDARIO DE MATERIA--TÉRMINO DE MATERIA
Término de materia o nombre geográfico como elemento inicial España
9 (RLIN) 26964
650 #4 - ASIENTO SECUNDARIO DE MATERIA--TÉRMINO DE MATERIA
Término de materia o nombre geográfico como elemento inicial país de la OCDE
9 (RLIN) 29055
650 #4 - ASIENTO SECUNDARIO DE MATERIA--TÉRMINO DE MATERIA
Término de materia o nombre geográfico como elemento inicial 2015
9 (RLIN) 31152
650 #4 - ASIENTO SECUNDARIO DE MATERIA--TÉRMINO DE MATERIA
Término de materia o nombre geográfico como elemento inicial comparación
9 (RLIN) 28892
653 10 - TÉRMINO DE INDEXACIÓN--NO CONTROLADO
Término no controlado Condiciones económicas
700 1# - ENCABEZAMIENTO SECUNDARIO--NOMBRE PERSONAL
Nombre de persona Ayala Cañón, Luis
9 (RLIN) 6777
Término indicativo de función dir.
700 1# - ENCABEZAMIENTO SECUNDARIO--NOMBRE PERSONAL
Nombre de persona Ruiz-Huerta Carbonell, Jesús
9 (RLIN) 22866
Término indicativo de función dir.
787 0# - ENTRADA DE OTRAS ESPECIFICACIONES
Título 1er informe sobre la desigualdad en España 2013
Número de control del registro relacionado (ES-MaCES)44176
710 2# - ENCABEZAMIENTO SECUNDARIO--NOMBRE CORPORATIVO
9 (RLIN) 3749
Nombre de entidad o nombre de jurisdicción como elemento inicial Fundación Alternativas
Término indicativo de función ed.
902 ## - CES. TIPO DE DOCUMENTO
Tipodoc (006$c Sirtex) LIB Libro
942 ## - ELEMENTOS KOHA
Fuente de clasificaión o esquema Clasificación propia del CES
Koha [por defecto] tipo de item Monografías
Parte de clasificación Economía
Existencias
Número de registro Signatura completa Tipo de item de Koha
086788 DPT-13484 Monografías
© CES, Consejo Económico y Social de España 2021